AQ Scrabble Words 8 And Under - Statistics

General Stats
  • This quiz has been taken 22 times
  • The average score is 5 of 19
Answer Stats
Answer % Correct
Aqua
100%
Aquarium
62%
Aquatic
62%
Aqueduct
38%
Aquarial
31%
Aqueous
31%
Aquarian
23%
Aquatint
23%
Aquavit
23%
Aquiline
23%
Aquacade
15%
Aquafarm
15%
Aquanaut
15%
Aquarist
15%
Aquatone
15%
Aquifer
15%
Aquiver
15%
Aquafaba
8%
Aquafit
8%
No matching quizzes found
Score Distribution
Percent of People with Each Score
Percentile by Number Answered
Your Score History
You have not taken this quiz